Древний образ Святого князя Михаила Ярославича (литография) в кафедральном соборе города Твери

RUSMARC
00005602cmc2a2200000#x 450
00183602c0b-e267-4d44-b03b-6911f3af37be
00520181214101636.0
100##$a20140701l18501917k l0rusy0189 ca
1010#$arus
102##$aRU
2001#$aДревний образ Святого князя Михаила Ярославича (литография) в кафедральном соборе города Твери
$eб/д
$j[1850-1917]
251##$cДело
801#0$aRU
$bРГИА
$c20140701
801#1$aRU
$bГлавНИВЦ
$c20140701
$2rusmarc
801#2$aRU
$bПБ им. Б.Н. Ельцина
$c20160229
$gRCR
$2rusmarc
850##$aФедеральное казенное учреждение "Российский государственный исторический архив" (РГИА)
852##$aРГИА
$j2251
937##$hРГИА
$d11166140
$aASBIBLIO_SCAN
462#0$1001074eb75f-1902-4909-a924-b21579da7b9b
$12001
$aКоллекция фотографий Техническо-строительного комитета МВД древних и архитектурно-скульптурных памятников России
$vД. 2251
$1251
$cОпись
$1852
$j169
461#0$1001597a3917-b61a-443f-a337-cac2b95e7413
$12001
$aТехническо-строительный комитет МВД
$1251
$cФонд
$1852
$j1293
215##$a1 лист
$cил.
$d39х50 см
371##$aДокумент не является опубликованным и широко распространяемым
105##$aa###
1222#$ad1850######
$ad1917######
035##$a83602c0b-e267-4d44-b03b-6911f3af37be
600#0$2nlr_sh
$3RU\NLR\AUTH\661016709
$aМихаил Ярославич
$cкнязь тверской
$f1271-1318
600#0$2prlib_sh
$3LIBNET\UAF\0000079122
$aКсения Юрьевна
$cкнягиня тверская
$f1246-1312
686##$2rubbk
$a63.3(2)42-8я61
$vLBC/M
605##$2acquisition_Prlib
$3DITM\AF\0000002775
$aВласть
$lколлекция
605##$aРоссия в лицах
$lколлекция
$2acquisition_Prlib
$3DITM\AF\0000004166
608##$2prlib_sh
$3DITM\AF\0000004940
$aЛитографии
300##$aОригинальный заголовок дела: Тверская губерния. Город Тверь. Древний образ "Святого князя Михаила Ярославича" в кафедральном соборе (литография) : б/д
300##$aЛитография в конверте. Цветное изображение. На лицевой стороне название "Древний образ святого князя Михаила Ярославича и матери его благоверной княгини Ксении". На обротной стороне написано от руки чернилами: Прилож. № 1
5171#$aТверская губерния. Город Тверь. Древний образ "Святого князя Михаила Ярославича" в кафедральном соборе (литография)
$eб/д
Формат отображения